| 000 | 00487nam a2200157Ia 4500 | ||
|---|---|---|---|
| 999 |
_c21234 _d21234 |
||
| 082 | _aTD.0142 | ||
| 100 | _aDave, Hansa Mahesh | ||
| 245 | 0 | _aStudy of institutionalized delinquent girls | |
| 260 |
_c1974 _bGujarat University |
||
| 300 | _a454p. | ||
| 650 | _aDELINQUENT GIRLS - GUJARAT - AHMEDABAD | ||
| 650 | _aCORRECTIONAL INSTITUTIONS - GUJARAT - AHMEDABAD | ||
| 650 | _aJUVENILE DELINQUENCY - CASE STUDIES - GUJARAT - AHMEDABAD | ||
| 710 | _aBhatt, Champa L. | ||
| 942 |
_cTH _2ddc |
||